Fit & Well/ (Record no. 10844)

000 -LEADER
fixed length control field 00481nam a22001577a 4500
008 - FIXED-LENGTH DATA ELEMENTS--GENERAL INFORMATION
fixed length control field 151209b xxu||||| |||| 00| 0 eng d
020 ## - INTERNATIONAL STANDARD BOOK NUMBER
International Standard Book Number 076742946
050 ## - LIBRARY OF CONGRESS CALL NUMBER
Classification number GV481 .F34 2003
100 ## - MAIN ENTRY--PERSONAL NAME
Personal name Fahey Thomas D
Dates associated with a name GV 481 .F34 2003
245 ## - TITLE STATEMENT
Title Fit & Well/
Statement of responsibility, etc. Thomas D Fahey
250 ## - EDITION STATEMENT
Edition statement 5th ed
260 ## - PUBLICATION, DISTRIBUTION, ETC. (IMPRINT)
Place of publication, distribution, etc. Newyork,
Name of publisher, distributor, etc. McGraw Hill
Date of publication, distribution, etc. 2003
300 ## - PHYSICAL DESCRIPTION
Extent xx,410p,ill.:
Other physical details includes index
700 ## - ADDED ENTRY--PERSONAL NAME
Personal name Paul M> Insel
942 ## - ADDED ENTRY ELEMENTS (KOHA)
Source of classification or shelving scheme
Koha item type Hard Covered Materials
Classification part GV 481 .F34 2003
Holdings
Withdrawn status Lost status Source of classification or shelving scheme Damaged status Not for loan Home library Current library Date acquired Source of acquisition Total Checkouts Full call number Barcode Date last seen Price effective from Koha item type
          MACHAKOS UNIVERSITY LIBRARY MACHAKOS UNIVERSITY LIBRARY 09/12/2015 Donation(B.F.A)   GV 481 .F34 2003 19627 09/12/2015 09/12/2015 Hard Covered Materials
© Machakos University Library, Along The Highway, Machakos Wote Rd, Machakos, Kenya P.O. Box 136 - 90100 Machakos - Kenya

Tel: ( +254 ) 723 805829 OR Fax : 044-20353 OR Email: library@mksu.ac.ke